| 000 | 00762cam a2200241 4500 | ||
|---|---|---|---|
| 001 | M97320 | ||
| 008 | 090401t1999 xxu||||| |||| 00| 0 eng d | ||
| 035 | _a(Sirsi) u91997 | ||
| 041 | _aeng | ||
| 050 | _a658.022 | ||
| 110 |
_aRoyal Institution of Chartered Surveyors _94900 |
||
| 245 |
_aWho will manage your business in your absence? Guidance on locum and alternate arrangements for sole practitioners and small firms. _c[archived] |
||
| 260 |
_aLondon _bRICS _c1999 |
||
| 300 | _a3p. ; 30cm. | ||
| 350 | _a0 | ||
| 650 | _aALTERNATE ARRANGEMENTS | ||
| 650 | _aLOCUM ARRANGEMENTS | ||
| 650 | _aSMALL FIRMS | ||
| 650 | _aSOLE PRACTITIONERS | ||
| 690 | _aMANAGEMENT-BUSINESS MANAGEMENT-PROFESSIONAL PRACTICE | ||
| 942 |
_n0 _2ddc |
||
| 948 | _c11/03/1999 | ||
| 999 |
_c97704 _d97704 |
||